000 00537nam a2200193Ia 4500
003 GCL
008 140319s9999 xx 000 0 eng d
040 _aGCL /
_cGCL
082 0 4 _a460
_bP H
100 1 _aPEREZ, AQUILION SANCHEZ
245 1 0 _aHISTORIA DE LA ENSENAZA DEL ESPANOLE /
_cPEREZ, AQUILION SANCHEZ
260 _a[S.N] :
_bSOCIEDAD GENERAL ESPANOLA DE LIBRERIA ،
_c1992
300 _a510 P
650 0 4 _aLINGUISTICS
650 0 4 _aSPANISH LANGUAGE
650 0 4 _aLANGUAGES
650 0 4 _aSPANISH GRAMMAR
942 _2ddc
_cBK
999 _c15358
_d15358